=LDR 00000nam 2200000 4500 =001 INLIS000000000025711 =005 20130612124211 =008 ***********************************ind** =035 ##$$0010-061300000025711 =041 ##$$a ind =082 ##$$a 374 =090 ##$$a 374, TRI b =100 ##$$a Trisnamansyah, Sutaryat =245 ##$$a Buku Materi Pokok Pengantar pendidikan luar sekolah, Sutaryat Trisnamansyah =260 ##$$a 1986 $b Jakarta =650 ##$$a Pendidikan luar sekolah =850 ##$$a NBPNMAT